Normal view
MARC view
- Cultural unity/plannig/five year planns/irrigaton
Entry Topical Term
001 - CONTROL NUMBER
- control field: 5304
003 - CONTROL NUMBER IDENTIFIER
- control field: OSt
005 - DATE AND TIME OF LATEST TRANSACTION
- control field: 20221108113413.0
008 - FIXED-LENGTH DATA ELEMENTS
- fixed length control field: 221108|| aca||aabn | a|a d
040 ## - CATALOGING SOURCE
- Original cataloging agency: OSt
- Transcribing agency: OSt
150 ## - HEADING--TOPICAL TERM
- Topical term or geographic name as entry element: Cultural unity/plannig/five year planns/irrigaton
670 ## - SOURCE DATA FOUND
- Source citation: Work cat.: (OSt)11145: V.T, Krishna . 5303, Planning in India, 1961.
